2021 MLB All Star Team - Statistics

General Stats
  • This quiz has been taken 130 times
  • The average score is 50 of 67
Answer Stats
Hint Answer % Correct
First, TOR* Vladimir Guerrero Jr.
98%
Second, HOU Jose Altuve
97%
Outfield, NYY* Aaron Judge
96%
Catcher, KC* Salvador Perez
96%
Outfield, LAA* Mike Trout
95%
Shortstop. TOR Bo Bichette
93%
Third, BOS* Rafael Devers
93%
Shortsop, BOS* Xander Bogaerts
91%
Starting Pitcher, NYY Gerrit Cole
90%
Third, CLE Jose Ramirez
90%
Shortstop, HOU Carlos Correa
89%
First, ATL* Freddie Freeman
89%
First, OAK Matt Olson
89%
Designated Hitter, LAA* Shohei Ohtani
89%
Outfield, BAL Cedric Mullins
87%
Catcher, SF* Buster Posey
86%
Shortstop, SD* Fernando Tatis Jr.
86%
First, LAD Max Muncy
85%
Starting Pitcher, CLE Shane Bieber
85%
Catcher, PHI J.T. Realmuto
84%
Second, TOR* Marcus Semien
84%
Reliever, NYY Aroldis Chapman
82%
Outfield, WAS Juan Soto
82%
Third, STL* Nolan Arenado
82%
Outfield, ATL* Ronald Acuna Jr.
82%
Reliever, DET Gregory Soto
81%
Second, ATL Ozzie Albies
81%
Catcher, TB Mike Zunino
80%
Designated Hitter, MIN Nelson Cruz
80%
Outfield, TOR* Teoscar Hernandez
80%
Outfield, TEX Joey Gallo
79%
Shortstop, WAS Trea Turner
79%
First, LAA Jared Walsh
78%
Designated Hitter, BOS J.D. Martinez
77%
Starting Pitcher, MIL Corbin Burnes
76%
Starting Pitcher, NYM Jacob deGrom
76%
Third, CHC Kris Bryant
76%
Outfield, LAD Mookie Betts
76%
Shortstop, SF Brandon Crawford
75%
Outfield, HOU Michael Brantley
75%
Starting Pitcher, CWS Lance Lynn
74%
Second, PIT* Adam Frazier
71%
Outfield, TEX Adolis Garcia
71%
Second, SD Jake Cronenworth
70%
Starting Pitcher, BOS Nathan Eovaldi
70%
Outfield, CIN* Jesse Winker
69%
Reliever, MIL Josh Hader
69%
Starting Pitcher, SD Yu Darvish
69%
Outfield, CIN* Nick Castellanos
67%
Starting Pitcher, CWS Carlos Rodon
66%
Outfield, PIT Bryan Reynolds
62%
Starting Pitcher, PHI Zack Wheeler
62%
Starting Pitcher, MIL Brandon Woodruff
61%
Starting Pitcher, COL German Marquez
60%
Reliever, CWS Liam Hendriks
60%
Reliever, BOS Matt Barnes
58%
Reliever, CHC Craig Kimbrel
57%
Starting Pitcher, SF Kevin Gausman
56%
Outfield, LAD Chris Taylor
55%
Reliever, HOU Ryan Pressly
55%
Third, ARI Eduardo Escobar
54%
Starting Pitcher, SEA Yusei Kikuchi
46%
Starting Pitcher, TEX Kyle Gibson
45%
Outfield, WAS Kyle Schwarber
45%
Reliever, STL Alex Reyes
44%
Starting Pitcher, MIA Trevor Rogers
41%
Reliever, SD Mark Melancon
36%
No matching quizzes found
Score Distribution
Percent of People with Each Score
Percentile by Number Answered
Your Score History
You have not taken this quiz